[Event "Int. Stuttgarter Stadtmeisterschaft B"]
[Site "Ditzingen"]
[Date "2012.05.19"]
[Round "5.16"]
[White "Gheng, Hannelore"]
[Black "Pudmensky, Stefan"]
[Result "1/2-1/2"]
[WhiteElo "1691"]
[BlackElo "1853"]
[PlyCount "62"]
[EventDate "2012.??.??"]

1. e4 c5 2. Nf3 d6 3. d4 cxd4 4. Nxd4 Nf6 5. Nc3 a6 6. Be2 e5 7. Nb3 Be6 8. O-O
Be7 9. f4 exf4 10. Bxf4 Nc6 11. Kh1 d5 12. exd5 Nxd5 13. Nd4 Nxd4 14. Qxd4 Bf6
15. Be5 Nxc3 16. Qxc3 Rc8 17. Bxf6 gxf6 18. Qe3 Rxc2 19. Rad1 Qe7 20. Rfe1 Rc5
21. Qh6 Rg5 22. Bh5 Rhg8 23. Qxh7 R5g7 24. Qe4 Rxg2 25. Qd4 b5 26. Rxe6 Rg1+
27. Rxg1 Rxg1+ 28. Qxg1 Qxe6 29. Qg2 Qe1+ 30. Qg1 Qe4+ 31. Qg2 Qe1+ 1/2-1/2

[Event "Int. Stuttgarter Stadtmeisterschaft B"]
[Site "Ditzingen"]
[Date "2012.05.19"]
[Round "5.17"]
[White "Zaytsev, Evgeny"]
[Black "Mayer, Markus"]
[Result "0-1"]
[WhiteElo "1768"]
[BlackElo "1599"]
[PlyCount "72"]
[EventDate "2012.??.??"]

1. e4 e6 2. Nf3 d5 3. exd5 exd5 4. c3 Nf6 5. d4 Bd6 6. Bg5 O-O 7. Be2 Bf5 8.
O-O h6 9. Bh4 Nbd7 10. Nbd2 c6 11. Bg3 Qc7 12. Nh4 Bh7 13. Bxd6 Qxd6 14. h3
Rfe8 15. Re1 Re7 16. Nf1 g5 17. Nf3 Ne4 18. N1h2 f5 19. Bd3 Rae8 20. Qc2 Qf4
21. Re3 g4 22. hxg4 fxg4 23. g3 Qxe3 24. fxe3 gxf3 25. Nxf3 Rg7 26. Kh2 Ndf6
27. Ne5 Rxe5 28. dxe5 Ng4+ 29. Kh3 Nef2+ 30. Kh4 Bxd3 31. Qd2 Be4 32. Rf1 Rf7
33. c4 Bg6 34. cxd5 Rf5 35. Rxf2 Nxf2 36. g4 Rf3 0-1

[Event "Int. Stuttgarter Stadtmeisterschaft B"]
[Site "Ditzingen"]
[Date "2012.05.19"]
[Round "5.18"]
[White "Cummings, Orlyn"]
[Black "Bried, Martin"]
[Result "1/2-1/2"]
[WhiteElo "1598"]
[BlackElo "1756"]
[PlyCount "57"]
[EventDate "2012.??.??"]

1. e4 e6 2. d4 d5 3. exd5 exd5 4. Bd3 Bd6 5. h3 Ne7 6. Qh5 Ng6 7. Bg5 Be7 8.
Bxe7 Qxe7+ 9. Ne2 Nf4 10. Qf3 Nxd3+ 11. Qxd3 O-O 12. O-O g6 13. Ng3 Nc6 14. c3
Be6 15. Nd2 a6 16. Rfe1 Qd7 17. Nf3 f6 18. Re2 Rae8 19. Rae1 Kg7 20. b3 Re7 21.
Nh4 Rfe8 22. f4 f5 23. Nf3 Bf7 24. Ne5 Qd6 25. Nxc6 Rxe2 26. Rxe2 Rxe2 27. Qxe2
Qxc6 28. Qe5+ Kg8 29. Qe3 1/2-1/2

[Event "Int. Stuttgarter Stadtmeisterschaft B"]
[Site "Ditzingen"]
[Date "2012.05.19"]
[Round "5.19"]
[White "Wenzel, Ulrich"]
[Black "Bausch, Raimund"]
[Result "0-1"]
[WhiteElo "1746"]
[BlackElo "1559"]
[PlyCount "52"]
[EventDate "2012.??.??"]

1. c4 e5 2. g3 Nf6 3. Bg2 Nc6 4. Nc3 g6 5. e4 Bg7 6. Nge2 O-O 7. O-O Re8 8. d3
Nd4 9. Nxd4 exd4 10. Nd5 Nxd5 11. cxd5 c5 12. dxc6 dxc6 13. b3 a5 14. Bb2 Qd6
15. Rc1 Be6 16. a3 Qe5 17. f4 Qb5 18. Qd2 Bxb3 19. f5 Qe5 20. Rce1 c5 21. fxg6
fxg6 22. Bf3 b5 23. Bd1 Be6 24. Bc1 c4 25. dxc4 bxc4 26. Qg2 d3 0-1

[Event "Int. Stuttgarter Stadtmeisterschaft B"]
[Site "Ditzingen"]
[Date "2012.05.19"]
[Round "5.20"]
[White "Su, Jahn"]
[Black "Notz, Lukas"]
[Result "1-0"]
[WhiteElo "1545"]
[BlackElo "1739"]
[PlyCount "41"]
[EventDate "2012.??.??"]

1. e4 c6 2. d4 d5 3. e5 c5 4. c3 Nc6 5. Nf3 Bg4 6. Nbd2 cxd4 7. cxd4 Nxd4 8.
Qa4+ Nc6 9. Qxg4 e6 10. Bb5 Qb6 11. Bxc6+ bxc6 12. Nb3 h5 13. Qd4 Qa6 14. Bd2
Rc8 15. Bb4 c5 16. Nxc5 Qc4 17. Qxc4 dxc4 18. Na6 Rc6 19. Bxf8 Kxf8 20. O-O-O
g5 21. Rd6 1-0

[Event "Int. Stuttgarter Stadtmeisterschaft B"]
[Site "Ditzingen"]
[Date "2012.05.19"]
[Round "5.21"]
[White "Muench, Werner"]
[Black "Weis, Olga"]
[Result "1/2-1/2"]
[WhiteElo "1862"]
[BlackElo "1583"]
[PlyCount "63"]
[EventDate "2012.??.??"]

1. d4 d5 2. c4 c6 3. Nf3 Nf6 4. g3 Bf5 5. Bg2 e6 6. O-O Nbd7 7. b3 Be7 8. Bb2
O-O 9. Nbd2 Rc8 10. Nh4 Bg6 11. Nxg6 hxg6 12. e4 dxe4 13. Nxe4 Nxe4 14. Bxe4
Nf6 15. Bg2 c5 16. dxc5 Bxc5 17. Qf3 b6 18. Rad1 Qe7 19. h3 Rfd8 20. Rxd8+ Rxd8
21. Rd1 Kh7 22. Rxd8 Qxd8 23. Qe2 Nh5 24. Kf1 Bd4 25. Bxd4 Qxd4 26. Be4 Nf6 27.
Bd3 Nd7 28. Qe4 Qa1+ 29. Bb1 Nc5 30. Qh4+ Kg8 31. Qd8+ Kh7 32. Qh4+ 1/2-1/2

[Event "Int. Stuttgarter Stadtmeisterschaft B"]
[Site "Ditzingen"]
[Date "2012.05.19"]
[Round "5.22"]
[White "Ellinger, Harald"]
[Black "Schmidt, Bernd"]
[Result "1/2-1/2"]
[WhiteElo "1854"]
[BlackElo "1601"]
[PlyCount "74"]
[EventDate "2012.??.??"]

1. Nf3 d5 2. d4 Nf6 3. c4 c6 4. e3 Bf5 5. Nc3 dxc4 6. Bxc4 e6 7. O-O Bd6 8. Re1
Bg4 9. h3 Bh5 10. e4 Be7 11. Be2 O-O 12. e5 Nd5 13. a3 c5 14. Nxd5 Qxd5 15. Be3
cxd4 16. Bxd4 Nc6 17. Bc3 Rfd8 18. Nd2 Bxe2 19. Qxe2 Nd4 20. Bxd4 Qxd4 21. Nf3
Qd3 22. Rac1 Qxe2 23. Rxe2 Rd7 24. Rec2 g6 25. Rc7 Rad8 26. Kh2 Bf8 27. Rxd7
Rxd7 28. Rc8 Kg7 29. g4 Rd3 30. Kg2 Rb3 31. Rc2 b6 32. g5 Bc5 33. h4 a5 34. Re2
Rd3 35. Rc2 h6 36. Re2 h5 37. Rc2 Kf8 1/2-1/2

[Event "Int. Stuttgarter Stadtmeisterschaft B"]
[Site "Ditzingen"]
[Date "2012.05.19"]
[Round "5.23"]
[White "Michna, Marcus"]
[Black "Shankar, Ajay"]
[Result "1/2-1/2"]
[WhiteElo "1843"]
[BlackElo "1554"]
[PlyCount "94"]
[EventDate "2012.??.??"]

1. d4 Nf6 2. c4 g6 3. Nc3 Bg7 4. e4 d6 5. f3 O-O 6. Be3 b6 7. Qd2 Nbd7 8. O-O-O
c5 9. d5 Ba6 10. Bh6 Ne5 11. b3 Bc8 12. h3 a6 13. Bxg7 Kxg7 14. f4 Ned7 15. Nf3
Qc7 16. Bd3 e6 17. Rhe1 e5 18. fxe5 Nxe5 19. Nxe5 dxe5 20. Rf1 Bd7 21. Rf3 Rab8
22. Rdf1 Nh5 23. Ne2 Kg8 24. g4 Ng7 25. Nc3 b5 26. Qh6 Qa5 27. Qd2 b4 28. Nd1
Qb6 29. Rf6 Qa7 30. Qf2 Be8 31. Qh2 a5 32. Qxe5 a4 33. Bc2 axb3 34. Bxb3 Ba4
35. Qb2 Bxb3 36. Qxb3 Qe7 37. Qc2 Nf5 38. Ra6 b3 39. axb3 Nd4 40. Qg2 Qg5+ 41.
Kb1 Rxb3+ 42. Nb2 Rfb8 43. Rf2 Qe3 44. Ra7 Nf3 45. Re2 Qd3+ 46. Ka2 Qc3 47. Rc2
Qd4 1/2-1/2

[Event "Int. Stuttgarter Stadtmeisterschaft B"]
[Site "Ditzingen"]
[Date "2012.05.19"]
[Round "5.24"]
[White "Kuhn, Magnus"]
[Black "Rühl, Volker"]
[Result "0-1"]
[WhiteElo "1658"]
[BlackElo "1842"]
[PlyCount "80"]
[EventDate "2012.??.??"]

1. e4 d5 2. exd5 Nf6 3. Nf3 Nxd5 4. d4 Bg4 5. Be2 e6 6. O-O Be7 7. Be3 Nd7 8.
c4 Nxe3 9. fxe3 O-O 10. Nc3 Bf6 11. Qd2 c6 12. Rad1 Qc7 13. e4 Rfd8 14. d5 exd5
15. cxd5 Bxf3 16. Bxf3 Ne5 17. Qe2 Rd6 18. dxc6 Rxd1 19. Rxd1 bxc6 20. Rd2 Rd8
21. Qd1 Rxd2 22. Qxd2 g6 23. Qe2 Qa5 24. a3 Qc5+ 25. Kh1 Qc4 26. h3 Nd3 27. Qc2
Be5 28. Be2 Nf2+ 29. Kg1 Qd4 30. Kf1 Bg3 31. Bf3 Nd3 32. Qd2 Be1 33. Qc2 Bg3
34. Qd2 Bf4 35. Qc2 Bh2 36. Bd1 Qe3 37. g4 Qe1+ 38. Kg2 Qg1+ 39. Kf3 Ne1+ 40.
Ke2 Nxc2 0-1

[Event "Int. Stuttgarter Stadtmeisterschaft B"]
[Site "Ditzingen"]
[Date "2012.05.19"]
[Round "5.25"]
[White "Debeljak, Anton"]
[Black "Reichardt, Bernd"]
[Result "0-1"]
[WhiteElo "1650"]
[BlackElo "1816"]
[PlyCount "114"]
[EventDate "2012.??.??"]

1. e4 e5 2. Nf3 Nf6 3. Nc3 Nc6 4. Bc4 Bc5 5. d3 h6 6. Be3 Bxe3 7. fxe3 d6 8. a3
Ne7 9. Qd2 Be6 10. Bxe6 fxe6 11. O-O-O Qd7 12. d4 exd4 13. exd4 O-O-O 14. Qe2
Rhf8 15. Rhe1 Ng6 16. e5 Nf4 17. Qd2 N6d5 18. Ne4 Qc6 19. Kb1 Nb6 20. b3 d5 21.
Nc3 Rf7 22. Kb2 Rdf8 23. Ng1 a5 24. Nce2 Nxe2 25. Rxe2 a4 26. Nf3 Qb5 27. Ka2
axb3+ 28. cxb3 Kd7 29. Qd3 Qxd3 30. Rxd3 g5 31. h3 Nc8 32. Rc3 Ne7 33. Rec2 c6
34. b4 b5 35. Kb3 Rf4 36. a4 bxa4+ 37. Kxa4 Ra8+ 38. Kb3 Rb8 39. Ra2 Rb7 40. g3
Rf8 41. Ne1 Nf5 42. Nc2 Rfb8 43. Ra4 h5 44. g4 hxg4 45. hxg4 Ne7 46. Ne1 Nc8
47. Nd3 Ra7 48. Nc5+ Ke7 49. Rxa7+ Nxa7 50. Rh3 Rf8 51. Rh7+ Rf7 52. Rh6 Rf4
53. Rxe6+ Kf7 54. Rd6 Nb5 55. e6+ Ke8 56. Rd7 Nxd4+ 57. Kc3 Nxe6 0-1

[Event "Int. Stuttgarter Stadtmeisterschaft B"]
[Site "Ditzingen"]
[Date "2012.05.19"]
[Round "5.26"]
[White "Tölg, Wolfgang"]
[Black "Bohun, Roland"]
[Result "1-0"]
[WhiteElo "1776"]
[BlackElo "1437"]
[PlyCount "92"]
[EventDate "2012.??.??"]

1. e4 e6 2. d4 b6 3. c4 Bb4+ 4. Nc3 Bxc3+ 5. bxc3 Ne7 6. f4 d6 7. Nf3 Bd7 8.
Bd3 Nbc6 9. O-O Na5 10. e5 Bc6 11. Ng5 Nf5 12. Qh5 g6 13. Qh3 h6 14. Nf3 Bxf3
15. Qxf3 Nh4 16. Qh3 h5 17. Be4 Rb8 18. Qd3 Nf5 19. Ba3 Qd7 20. Bb4 O-O 21. h3
Rfd8 22. g4 Ng7 23. gxh5 Nxh5 24. Kh2 c5 25. Bxa5 bxa5 26. Rab1 Rxb1 27. Rxb1
Qe7 28. Qf3 Qh4 29. Rf1 Rb8 30. Rf2 Ng7 31. Rg2 Nf5 32. Bxf5 exf5 33. exd6 Qe1
34. dxc5 Rb1 35. Qe2 Qh1+ 36. Kg3 Re1 37. Qf3 Re4 38. d7 Qe1+ 39. Kh2 Qc1 40.
d8=Q+ Kg7 41. Rxg6+ fxg6 42. Qd7+ Kh6 43. Qd8 Kh7 44. Qf2 Rxf4 45. Qc7+ Kh6 46.
Qcxf4+ g5 1-0

[Event "Int. Stuttgarter Stadtmeisterschaft B"]
[Site "Ditzingen"]
[Date "2012.05.19"]
[Round "5.27"]
[White "Hennig, Jan"]
[Black "Gorb, Eugeniusz"]
[Result "0-1"]
[WhiteElo "1753"]
[BlackElo "1543"]
[PlyCount "76"]
[EventDate "2012.??.??"]

1. c4 c5 2. Nc3 Nc6 3. Nf3 Nf6 4. g3 g6 5. Bg2 Bg7 6. O-O O-O 7. d3 d6 8. Rb1
d5 9. cxd5 Nxd5 10. Nxd5 Qxd5 11. b3 Bg4 12. Bb2 Rad8 13. Nd4 Nxd4 14. Bxd5
Nxe2+ 15. Kh1 Nxg3+ 16. hxg3 Bxd1 17. Bxb7 Bc2 18. Bxg7 Kxg7 19. Rbc1 Bxd3 20.
Rfe1 Rd7 21. Bg2 Rc7 22. Red1 Ba6 23. Rd5 Rfc8 24. Rcd1 c4 25. bxc4 Bxc4 26.
Rd7 Be6 27. R7d2 Rc2 28. Be4 R2c4 29. Bf3 R8c7 30. Kg2 Ra4 31. Ra1 f5 32. Bd1
Ra3 33. Rb2 Rcc3 34. Kh2 Kf6 35. Kg1 Bc4 36. Kg2 e5 37. Be2 Bd5+ 38. Kg1 f4 0-1

[Event "Int. Stuttgarter Stadtmeisterschaft B"]
[Site "Ditzingen"]
[Date "2012.05.19"]
[Round "5.28"]
[White "Schreiber, Winfried"]
[Black "Tönjes, Jürgen"]
[Result "0-1"]
[WhiteElo "1628"]
[BlackElo "1753"]
[PlyCount "70"]
[EventDate "2012.??.??"]

1. c4 c6 2. Nc3 d5 3. cxd5 cxd5 4. d4 Nc6 5. Nf3 Nf6 6. g3 e6 7. Bg2 Bd6 8. O-O
O-O 9. Nb5 Bb8 10. Bg5 h6 11. Bd2 Ne4 12. Bxh6 gxh6 13. Nh4 a6 14. Nc3 Nxc3 15.
bxc3 f5 16. f4 Na5 17. e3 Nc4 18. Qh5 Rf6 19. Rae1 Qf8 20. Ng6 Qf7 21. Qxh6
Qxg6 22. Qg5 Qxg5 23. fxg5 Rg6 24. g4 Rxg5 25. gxf5 exf5 26. Kh1 Be6 27. Rg1
Kf7 28. Rgf1 Bd6 29. e4 dxe4 30. Rxe4 Rh8 31. Re2 Rxh2+ 32. Kg1 Ne3 33. Rff2
Bd5 34. c4 Bxg2 35. Rxe3 Bf3+ 0-1

[Event "Int. Stuttgarter Stadtmeisterschaft B"]
[Site "Ditzingen"]
[Date "2012.05.19"]
[Round "5.29"]
[White "Hornung, Richard"]
[Black "Greth, Andreas"]
[Result "1/2-1/2"]
[WhiteElo "1738"]
[BlackElo "1388"]
[PlyCount "56"]
[EventDate "2012.??.??"]

1. Nf3 c5 2. e4 e6 3. c4 Nc6 4. Nc3 g6 5. d3 Bg7 6. Bd2 d6 7. a3 b6 8. Be2 f5
9. O-O Nh6 10. Rb1 O-O 11. Bg5 Qe8 12. Nb5 Qd7 13. Qc1 Nf7 14. Bd2 a6 15. Nc3
Bb7 16. exf5 gxf5 17. b4 Nce5 18. Nxe5 Nxe5 19. f4 Ng6 20. Qe1 Rae8 21. bxc5
bxc5 22. Bh5 Qc6 23. Bf3 d5 24. Qg3 Qd7 25. Rb6 Bc8 26. h4 Qc7 27. Rfb1 Bxc3
28. Bxc3 Qxf4 1/2-1/2

[Event "Int. Stuttgarter Stadtmeisterschaft B"]
[Site "Ditzingen"]
[Date "2012.05.19"]
[Round "5.30"]
[White "Trobonjaca, Milos"]
[Black "Heil, Rudolf"]
[Result "0-1"]
[WhiteElo "1617"]
[BlackElo "1722"]
[PlyCount "46"]
[EventDate "2012.??.??"]

1. Nf3 c5 2. c4 g6 3. Nc3 Bg7 4. g3 e5 5. e4 Ne7 6. Bg2 O-O 7. d3 h6 8. Be3 d6
9. O-O Nbc6 10. Qd2 Kh7 11. a3 Be6 12. Rab1 Qd7 13. b4 Nd4 14. Rfe1 f5 15. Qd1
f4 16. Bc1 Bg4 17. gxf4 exf4 18. Bd2 Bh3 19. Kh1 Bxg2+ 20. Kxg2 Qg4+ 21. Kf1
Qh3+ 22. Kg1 Nxf3+ 23. Kh1 Qxh2# 0-1

[Event "Int. Stuttgarter Stadtmeisterschaft B"]
[Site "Ditzingen"]
[Date "2012.05.19"]
[Round "5.31"]
[White "Häfele, Torsten"]
[Black "Schreiber, Stephan"]
[Result "1-0"]
[WhiteElo "1615"]
[BlackElo "1708"]
[PlyCount "51"]
[EventDate "2012.??.??"]

1. e4 c5 2. d4 cxd4 3. c3 dxc3 4. Nxc3 d6 5. Bc4 e6 6. Nf3 Be7 7. O-O Nc6 8.
Qe2 a6 9. Rd1 Qc7 10. Bf4 b5 11. Bxb5 axb5 12. Nxb5 Qb8 13. Bxd6 Bxd6 14. Nxd6+
Ke7 15. Rac1 Bd7 16. Nxf7 Kxf7 17. Rxd7+ Ke8 18. Rxg7 Nge7 19. Ng5 Nd4 20. Qh5+
Kd7 21. Rd1 Qxb2 22. Nxe6 Kxe6 23. Qf7+ Ke5 24. Qxe7+ Kf4 25. Qg5+ Kxe4 26.
Re7+ 1-0

[Event "Int. Stuttgarter Stadtmeisterschaft B"]
[Site "Ditzingen"]
[Date "2012.05.19"]
[Round "5.32"]
[White "Ziegler, Michael"]
[Black "Dallinger, Moritz"]
[Result "1-0"]
[WhiteElo "1702"]
[BlackElo "1547"]
[PlyCount "83"]
[EventDate "2012.??.??"]

1. e4 c5 2. Nf3 e6 3. d4 cxd4 4. Nxd4 a6 5. a4 Qc7 6. g3 b6 7. Bg2 Bb7 8. O-O
Nf6 9. Re1 Be7 10. b3 O-O 11. Ba3 Bxa3 12. Rxa3 d6 13. b4 Nbd7 14. Rc3 Qb8 15.
Nc6 Bxc6 16. Rxc6 Ne8 17. f4 Qb7 18. b5 Nc5 19. c4 Rc8 20. e5 Rxc6 21. Bxc6 Qc7
22. Bxe8 Rxe8 23. exd6 Qd7 24. Re2 a5 25. Nc3 Rd8 26. Rd2 Qc8 27. Qf3 Qb7 28.
Qc6 h6 29. Ne4 Qa7 30. Nxc5 bxc5 31. b6 Qa6 32. Qxc5 Rc8 33. Qb5 Qb7 34. d7 Rd8
35. c5 Qe4 36. Qd3 Qc6 37. Qd4 Qf3 38. Qe5 Qa3 39. Kf2 Qxa4 40. b7 Qb5 41. b8=Q
Rxb8 42. Qxb8+ 1-0

[Event "Int. Stuttgarter Stadtmeisterschaft B"]
[Site "Ditzingen"]
[Date "2012.05.19"]
[Round "5.33"]
[White "Triantafillidis, Zoe"]
[Black "Wübbens, Carsten"]
[Result "1/2-1/2"]
[WhiteElo "1691"]
[BlackElo "1415"]
[PlyCount "40"]
[EventDate "2012.??.??"]

1. e4 e5 2. Nf3 Nc6 3. Nc3 d6 4. Bb5 Bd7 5. d3 Nf6 6. Bg5 Be7 7. d4 exd4 8.
Nxd4 Nxd4 9. Qxd4 Bxb5 10. Nxb5 a6 11. Nc3 O-O 12. O-O-O h6 13. Bh4 Re8 14.
Rhe1 Nh5 15. Bxe7 Qxe7 16. g3 Qf6 17. Qd5 Qg5+ 18. Qxg5 hxg5 19. Nd5 Rac8 20.
f3 Nf6 1/2-1/2

[Event "Int. Stuttgarter Stadtmeisterschaft B"]
[Site "Ditzingen"]
[Date "2012.05.19"]
[Round "5.34"]
[White "Beutler, Kevin"]
[Black "Weber, Sandra"]
[Result "1/2-1/2"]
[WhiteElo "1585"]
[BlackElo "1617"]
[PlyCount "31"]
[EventDate "2012.??.??"]

1. e4 c5 2. Nf3 Nc6 3. Bb5 g6 4. c3 a6 5. Bxc6 bxc6 6. O-O Bg7 7. d4 cxd4 8.
cxd4 Nf6 9. Nc3 O-O 10. Ne5 Qc7 11. f4 d5 12. exd5 cxd5 13. Qf3 Bb7 14. Bd2 Qb6
15. Qd3 Ne4 16. b3 1/2-1/2

[Event "Int. Stuttgarter Stadtmeisterschaft B"]
[Site "Ditzingen"]
[Date "2012.05.19"]
[Round "5.35"]
[White "Thren, Christian"]
[Black "Lebeda, Lukas"]
[Result "0-1"]
[WhiteElo "1518"]
[BlackElo "1672"]
[PlyCount "28"]
[EventDate "2012.??.??"]

1. c4 c5 2. Nc3 Nf6 3. Nf3 d5 4. cxd5 Nxd5 5. e3 Nc6 6. a3 e5 7. Bb5 Nxc3 8.
bxc3 f6 9. d4 exd4 10. cxd4 Qa5+ 11. Bd2 Qxb5 12. dxc5 Bxc5 13. Qc2 Bb6 14.
O-O-O Be6 0-1

[Event "Int. Stuttgarter Stadtmeisterschaft B"]
[Site "Ditzingen"]
[Date "2012.05.19"]
[Round "5.36"]
[White "Pocrnic, Josip"]
[Black "Sieweck, Theodor"]
[Result "1/2-1/2"]
[WhiteElo "1855"]
[BlackElo "1411"]
[PlyCount "53"]
[EventDate "2012.??.??"]

1. e4 e5 2. Nf3 Nc6 3. Bc4 Be7 4. d4 exd4 5. c3 dxc3 6. Qd5 Nh6 7. Bxh6 O-O 8.
Bc1 Nb4 9. Qd1 c2 10. Qe2 cxb1=Q 11. Rxb1 d6 12. a3 Nc6 13. h3 Re8 14. O-O Bf6
15. Re1 Be6 16. Bb5 Bd7 17. Qd3 a6 18. Bc4 Be6 19. Bf4 h6 20. b4 Ne5 21. Nxe5
dxe5 22. Be3 Qxd3 23. Bxd3 Rad8 24. Red1 Rd7 25. Be2 Red8 26. Rxd7 Rxd7 27. Rd1
1/2-1/2

[Event "Int. Stuttgarter Stadtmeisterschaft B"]
[Site "Ditzingen"]
[Date "2012.05.19"]
[Round "5.38"]
[White "Grotheer, Olaf"]
[Black "Krebs, Thomas"]
[Result "1/2-1/2"]
[WhiteElo "1815"]
[BlackElo "1626"]
[PlyCount "43"]
[EventDate "2012.??.??"]

1. d4 d5 2. c4 e6 3. Nc3 Bb4 4. Nf3 Nf6 5. Qa4+ Nc6 6. Ne5 Bxc3+ 7. bxc3 Bd7 8.
Nxd7 Qxd7 9. Ba3 Ne4 10. Rc1 Nd6 11. cxd5 exd5 12. e3 Ne7 13. Qxd7+ Kxd7 14.
Bd3 g6 15. O-O f5 16. Rb1 b6 17. Rfc1 c6 18. Bxd6 Kxd6 19. f3 Rhf8 20. Kf2 Rab8
21. a4 Rbc8 22. Ke2 1/2-1/2

[Event "Int. Stuttgarter Stadtmeisterschaft B"]
[Site "Ditzingen"]
[Date "2012.05.19"]
[Round "5.39"]
[White "Ruff, Robert"]
[Black "Awiszus, Thomas"]
[Result "1-0"]
[WhiteElo "1799"]
[BlackElo "1610"]
[PlyCount "43"]
[EventDate "2012.??.??"]

1. d4 Nf6 2. c4 e6 3. Nc3 Bb4 4. Qc2 c5 5. e3 Nc6 6. Nf3 O-O 7. Bd3 d5 8. cxd5
exd5 9. a3 Bxc3+ 10. bxc3 Re8 11. O-O c4 12. Be2 Ne4 13. Nd2 f5 14. f3 Nf6 15.
e4 fxe4 16. fxe4 Nxe4 17. Nxe4 Rxe4 18. Bxc4 Re6 19. Bd3 h6 20. a4 Bd7 21. Ba3
Rc8 22. Rf8+ 1-0

[Event "Int. Stuttgarter Stadtmeisterschaft B"]
[Site "Ditzingen"]
[Date "2012.05.19"]
[Round "5.40"]
[White "Drapkin, Marc"]
[Black "Haro, Niel"]
[Result "0-1"]
[WhiteElo "1793"]
[BlackElo "1528"]
[PlyCount "129"]
[EventDate "2012.??.??"]

1. e4 b6 2. d4 e6 3. Nf3 Bb7 4. Bd3 Nf6 5. e5 Nd5 6. O-O Nb4 7. Be2 d5 8. c3
N4c6 9. Nbd2 Be7 10. Re1 Nd7 11. Nf1 Nf8 12. Ng3 h5 13. Nf1 g5 14. h3 Kd7 15.
N3h2 h4 16. Ng4 Ng6 17. Bd3 Qg8 18. Qf3 Nf8 19. Nfh2 Nd8 20. Qd1 c6 21. Re3 Qg7
22. Rf3 Nh7 23. Qd2 Rg8 24. Qc2 f5 25. exf6 Nxf6 26. Nxf6+ Bxf6 27. Ng4 Be7 28.
Bd2 Nf7 29. Re1 Rae8 30. Qa4 Ra8 31. Rfe3 Nd8 32. Qc2 Bc8 33. a4 a6 34. b4 Rf8
35. b5 axb5 36. axb5 c5 37. Qb2 c4 38. Bb1 Bd6 39. Ne5+ Kc7 40. Qc2 Qf6 41. Rf3
Qg7 42. Rxf8 Bxf8 43. f3 Ra5 44. Qg6 Qxg6 45. Nxg6 Bh6 46. Nxh4 Rxb5 47. Ng6
Rb2 48. Rd1 Nf7 49. Ne5 Nxe5 50. dxe5 Bd7 51. h4 Ba4 52. Bxg5 Bxd1 53. Bh7 Bxg5
54. hxg5 Kd7 55. f4 Ke7 56. f5 exf5 57. g6 Bh5 58. g7 Bf7 59. Bxf5 d4 60. cxd4
Rd2 61. g4 Rxd4 62. g5 Rd2 63. Bh7 Rd8 64. g6 Bg8 65. Kf2 0-1

[Event "Int. Stuttgarter Stadtmeisterschaft B"]
[Site "Ditzingen"]
[Date "2012.05.19"]
[Round "5.41"]
[White "Zeitler, Waldemar"]
[Black "Mayer, Dietmar"]
[Result "1/2-1/2"]
[WhiteElo "1596"]
[BlackElo "1785"]
[PlyCount "99"]
[EventDate "2012.??.??"]

1. d4 Nf6 2. Nc3 d5 3. f4 Bf5 4. Nf3 h6 5. e3 e6 6. Bd3 Ne4 7. O-O c6 8. Bxe4
Bxe4 9. Nxe4 dxe4 10. Ne5 Nd7 11. c4 Nxe5 12. fxe5 Qg5 13. Rf4 f5 14. exf6 gxf6
15. Rxe4 Rg8 16. Qf3 Kd7 17. Rf4 Rg6 18. c5 Be7 19. h4 Qg3 20. Qxg3 Rxg3 21.
Bd2 Rag8 22. Rf2 f5 23. h5 Rh3 24. e4 fxe4 25. Bf4 Rxh5 26. b4 Bg5 27. Re1 Bh4
28. g3 Bxg3 29. Rg2 Bxe1 30. Rxg8 Bxb4 31. Rg7+ Ke8 32. Rxb7 Bc3 33. Be5 e3 34.
Kf1 Rf5+ 35. Ke2 Bd2 36. Rxa7 Rf2+ 37. Kd3 Bc1 38. Bg3 Rd2+ 39. Ke4 e2 40. Ke5
e1=Q+ 41. Bxe1 Re2+ 42. Kd6 Rxe1 43. Kxc6 Be3 44. d5 exd5 45. Kxd5 Rc1 46. Ra5
Rxc5+ 47. Rxc5 Bxc5 48. Kxc5 h5 49. Kd4 h4 50. Ke3 1/2-1/2

[Event "Int. Stuttgarter Stadtmeisterschaft B"]
[Site "Ditzingen"]
[Date "2012.05.19"]
[Round "5.42"]
[White "Stoll, Katja"]
[Black "Giugno, Carmelo"]
[Result "1-0"]
[WhiteElo "1645"]
[BlackElo "1511"]
[PlyCount "61"]
[EventDate "2012.??.??"]

1. e4 e6 2. d4 d5 3. Nc3 Nf6 4. Bg5 Be7 5. e5 Nfd7 6. Bxe7 Qxe7 7. Nf3 c5 8.
Nb5 O-O 9. Nc7 Nxe5 10. Nxa8 Nxf3+ 11. Qxf3 Nc6 12. dxc5 Qd8 13. Qg3 e5 14.
O-O-O Be6 15. Bb5 f6 16. Bc4 Qxa8 17. Bxd5 Bxd5 18. Rxd5 Nb4 19. Rd6 Nxa2+ 20.
Kb1 Nb4 21. Qb3+ Kh8 22. Qxb4 a5 23. Qd2 b5 24. Rd1 Qxg2 25. Rd8 Kg8 26. Rxf8+
Kxf8 27. Qd8+ Kf7 28. Qd6 Kg6 29. c6 a4 30. c7 a3 31. c8=Q 1-0

[Event "Int. Stuttgarter Stadtmeisterschaft B"]
[Site "Ditzingen"]
[Date "2012.05.19"]
[Round "5.44"]
[White "Baumeister, Lukas"]
[Black "Groeger, Michael"]
[Result "0-1"]
[WhiteElo "1525"]
[BlackElo "1635"]
[PlyCount "66"]
[EventDate "2012.??.??"]

1. d4 Nf6 2. c4 d5 3. Nc3 Bf5 4. e3 e6 5. Nge2 c5 6. cxd5 Nxd5 7. Nxd5 Qxd5 8.
Nf4 Qd8 9. Bb5+ Nc6 10. O-O Bd6 11. dxc5 Bxc5 12. b3 Qb6 13. Bxc6+ Qxc6 14. Bb2
O-O 15. Rc1 Qd6 16. Qxd6 Bxd6 17. Nh5 f6 18. Ng3 Bg6 19. Rfd1 Rad8 20. Kf1 Bb8
21. Ba3 Rfe8 22. f4 Bd3+ 23. Ke1 e5 24. f5 e4 25. Rd2 Rd5 26. Bb2 Bxg3+ 27.
hxg3 Rxf5 28. Rf2 Rg5 29. Rc7 Rxg3 30. Bd4 a6 31. Rxb7 Rc8 32. Kd1 h5 33. a4 h4
0-1

[Event "Int. Stuttgarter Stadtmeisterschaft B"]
[Site "Ditzingen"]
[Date "2012.05.19"]
[Round "5.45"]
[White "Dirks, Alexander"]
[Black "Graf, Maximilian"]
[Result "1/2-1/2"]
[WhiteElo "1518"]
[BlackElo "1629"]
[PlyCount "28"]
[EventDate "2012.??.??"]

1. e4 e5 2. Nf3 Nc6 3. d4 exd4 4. Nxd4 Nf6 5. Nxc6 bxc6 6. Bd3 d5 7. exd5 Nxd5
8. O-O Bc5 9. a3 Be6 10. Bd2 a6 11. Nc3 Nf6 12. Ne4 Nxe4 13. Bxe4 Rb8 14. Bd3
O-O 1/2-1/2

[Event "Int. Stuttgarter Stadtmeisterschaft B"]
[Site "Ditzingen"]
[Date "2012.05.19"]
[Round "5.47"]
[White "Prinz, Philipp"]
[Black "Ludwig, Siegfried"]
[Result "0-1"]
[WhiteElo "1741"]
[BlackElo "1674"]
[PlyCount "91"]
[EventDate "2012.??.??"]

1. d4 d5 2. c4 dxc4 3. Nc3 Nc6 4. d5 Ne5 5. e4 e6 6. f4 Nd3+ 7. Bxd3 cxd3 8.
Qxd3 Bb4 9. Qb5+ Bd7 10. Qxb4 b6 11. Nf3 Nf6 12. O-O a5 13. Qa3 Bc8 14. h3 Nd7
15. dxe6 fxe6 16. Rd1 c5 17. Ne5 O-O 18. Qa4 Ra7 19. Nc6 Qc7 20. Nxa7 Qxa7 21.
Nb5 Qb8 22. e5 Qa8 23. Rd6 Nxe5 24. fxe5 Ba6 25. Nc7 Rf1+ 26. Kh2 Qf8 27. Nxa6
h6 28. Rd1 Rf2 29. Be3 Rxb2 30. Qh4 Qf3 31. Qd8+ Kh7 32. Rd2 Qxe3 33. Qd3+ Qxd3
34. Rxd3 c4 35. Rc3 b5 36. Nc7 a4 37. a3 b4 38. Rxc4 b3 39. Rxa4 Rc2 40. Nxe6
Re2 41. Ra5 g5 42. Nd4 Re3 43. Rb1 h5 44. Rxb3 Re4 45. Rd5 g4 46. Rd6 0-1

[Event "Int. Stuttgarter Stadtmeisterschaft B"]
[Site "Ditzingen"]
[Date "2012.05.19"]
[Round "5.49"]
[White "Lin, Jean-Claude"]
[Black "Boschmann, Werner"]
[Result "0-1"]
[WhiteElo "1382"]
[BlackElo "1686"]
[PlyCount "72"]
[EventDate "2012.??.??"]

1. e4 e5 2. Nf3 Nc6 3. Bb5 a6 4. Ba4 Nf6 5. O-O Nxe4 6. Re1 Nc5 7. Bxc6 dxc6 8.
Rxe5+ Be7 9. d4 Ne6 10. c3 O-O 11. Qd3 Bf6 12. Re1 c5 13. Be3 cxd4 14. cxd4 c5
15. Na3 cxd4 16. Bc1 Bd7 17. Nc2 Bb5 18. Qd1 Qb6 19. Nb4 Rad8 20. Ne5 Qd6 21.
a4 Qxb4 22. axb5 Qxb5 23. Ng4 Qf5 24. Nxf6+ Qxf6 25. Ra3 Rd7 26. Rf3 Qe7 27.
Bd2 Rc8 28. Rh3 Qc5 29. Qb1 Qc2 30. Rc3 Rxc3 31. bxc3 Qxd2 32. Rd1 Qxc3 33. Rc1
Qa5 34. Rc8+ Rd8 35. Rxd8+ Qxd8 36. Qxb7 d3 0-1